000 00676nam a2200241Ia 4500
003 OSt
005 20220926012332.0
006 a|||||r|||| 00| 0
007 ta
008 220923b |||||||| |||| 00| 0 eng d
020 _a0 521 45468 9
037 _cGeneral Book
040 _aRTL
_cRTL
_beng
041 _2eng
_aeng
082 _aX:57, N4
100 _aKenen Peter B etal. Ed.
_9316203
245 0 _aInternational monetary systems
260 _aNew York
_bCambridge University Press U. S. A.
_c1994
300 _axv, 349p.
_ccm.
650 _aForeign Exchange
942 _hX:57, N4
_cGB
_2CC
999 _c622567
_d622567